| 000 | 00898nas a2200301 4500 | ||
|---|---|---|---|
| 001 | BR2011004642 | ||
| 003 | BR-BrBNA | ||
| 005 | 20231205115529.0 | ||
| 007 | ta | ||
| 008 | 230509b bl.|||p| |||| 00| 00por d | ||
| 040 |
_aBR-BrBNA _bpor _cBiblioteca Nacional de Agricultura |
||
| 041 | _a(Pt) | ||
| 072 | _aQ02 | ||
| 100 | 1 | _aMorais, P.L.D. de | |
| 100 | 1 | _aMedeiros, E.V. de | |
| 100 | 1 | _aSilva, G.G. da | |
| 245 | 1 | _aConservação pós-colheita e frequência de fungos em cultivares de mamão | |
| 650 | _aMAMÃO | ||
| 650 | _aCARICA PAPAYA | ||
| 650 | _aPRESERVAÇÃO DE ALIMENTO | ||
| 650 | _aPROCESSAMENTO | ||
| 650 | _aREFRIGERAÇÃO | ||
| 650 | _aARMAZENAMENTO | ||
| 650 | _aFUNGO | ||
| 773 | 0 |
_tRevista Brasileira de Armazenamento (Brazil) _xISSN 0100-3518 _g(2008), v. 33(2) p. 94-100 _wBR2011004642 |
|
| 909 |
_a202311 _bLúcia _c55 _dLúcia Elande |
||
| 942 |
_2AGRIS _n0 _cANA |
||
| 999 |
_c214276 _d214276 |
||